000 00720cab a2200217 4500
001 WB3237-45
008 090401t1996 xxu||||| |||| 00| 0 eng d
035 _a(Sirsi) u13812
041 _aeng
245 _aPesticide poisoning of animals
260 _c1996
350 _a0
490 _aAdvisory Committee on Pesticides News Release
_v(ACP1/96) 30 September 1996 (2)
520 _aThe Advisory Committee on Pesticides announced the publication of its Environmental Panel of the annual report on The Wildlife Incident Investigations of Suspected Incidents in the United Kingdom.
650 _aACP
650 _aANIMALS
650 _aPESTICIDES
690 _aRURAL PRACTICE
942 _n0
948 _c04/03/1997
999 _c8909
_d8909